000 00896nam a2200253 u 4500
005 20250221063813.0
008 130819s2009 es r 000 0 spa d
020 _a9788449321931
035 _aUPN01000192321
049 _aCG
050 4 _aHQ755.8
_bG7.6
100 1 _aGreenspan, Stanley I.
_934149
245 1 0 _aNiños felices :
_bcómo enseñar a tu hijo las diez cualidades esenciales para alcanzar una vida feliz /
_cStanley I. Greenspan ; tr. Paula García.
260 _aBarcelona, Esp. :
_bPaidós,
_c2009.
300 _a218 p.
440 0 _aGuía para padres ;
_v92
534 _pTítulo original:
_tGreat kids, helping your baby and child : develop the ten essential qualities for a happy, healthy life
650 2 _aPaternidad
_96964
650 4 _aCrianza de niños
_96222
650 4 _aDesarrollo infantil
_9176
905 _aLibro
999 _c164424
_d164424